La Syrie du nord à l'époque des croisades et la principauté franque d'Antioche /

محفوظ في:

المؤلف الرئيسي: Cahen, Claude (مؤلف)

التنسيق: كتاب

اللغة: French

منشور في: Paris : P. Geuthner, 1940.

سلاسل: Institut français de Damas. Bibliotheque orientale ; 1.

الموضوعات:

الوسوم: إضافة وسم

لا توجد وسوم, كن أول من يضع وسما على هذه التسجيلة!

رقم الطلب: D192 .C3 1940

LEADER 00839nam a2200265I 4500
001 5362
003 OSt
005 20251202102655.0
008 130303s1940 fr b b 000 0 fre d
040 |c ARCE Library 
043 |a a-sy--- 
050 4 |a D192 .C3 1940 
100 1 |a Cahen, Claude,  |e author  |9 27625 
245 1 3 |a La Syrie du nord à l'époque des croisades et la principauté franque d'Antioche /  |c Par Claude Cahen. 
264 1 |a Paris :  |b P. Geuthner,  |c 1940. 
300 |a vii, 768 pages :   |b map ;   |c 24 cm. 
490 0 |a Institut français de Damas. Bibliotheque orientale ;   |v 1. 
500 |a Issued also as thesis, Univ. de Paris. 
504 |a Bibliography : pages [101]-104. 
650 0 |a Crusades. 
651 0 |a Antioch (Turkey)  |x History. 
651 0 |a Syria  |x History. 
901 |a reviewed 
942 |c BK  |2 lcc 
999 |c 9275  |d 9275